| 000 | 00490nam a22001577a 4500 | ||
|---|---|---|---|
| 999 |
_c535794 _d535794 |
||
| 020 | _qHard Cover. | ||
| 082 | _a616.15 | ||
| 100 | _aAli, Nosheen | ||
| 245 |
_aFREQUENCY OF INCREASED FIBRIONOLYSIS AFTER CONRONARY ARTERY BYPASS GRAFTING / _cNosheen Ali. |
||
| 260 |
_aIslamabad : _bAMC - NUST, _c2014. |
||
| 300 | _c30cm. | ||
| 942 |
_2ddc _cTHE |
||
| 650 |
_aHematology M Phil.-Thesis. _930058 |
||
| 700 |
_aMuhammad Ayyub. _930608 |
||